Controlling v poisťovníctve

Teoretické vymedzenie controllingu. Klasifikácia controllingu. Controlling v poisťovníctve.

Salvato in:
Dettagli Bibliografici
Autore principale: Vachálková, Ingrid
Natura: Capitolo di libro
Lingua:slovacco
Soggetti:
Tags: Aggiungi Tag
Nessun Tag, puoi essere il primo ad aggiungerne!!

MARC

LEADER 00000nla$a2200000$$$4500
001 0105487
005 20240502072151.7
041 0 |a slo 
044 |a SK 
245 1 0 |a Controlling v poisťovníctve  |c Ingrid Vachálková 
520 |a Teoretické vymedzenie controllingu. Klasifikácia controllingu. Controlling v poisťovníctve. 
610 2 0 |a poisťovne 
610 2 0 |a kontroling finančný 
610 2 0 |a výkazy finančné 
610 2 0 |a kontroling operatívny 
610 2 0 |a kontroling strategický 
100 1 |a Vachálková, Ingrid